000 01235cam a2200337 a 4500
001 461331
003 OSt
005 20211014101120.0
008 830621s1984 nmua b s001 0 eng
010 _a 83012378
020 _a082630690X :
_c$29.95
040 _aDLC
_cHU
_dDLC
043 _an-us---
050 0 0 _aHD9502.U52
_bB86 1984
082 0 0 _a333.79/0973
_219
100 1 _aBurch, William R.,
_d1933-
_96723
245 1 0 _aMeasuring the social impact of natural resource policies /
_cWilliam R. Burch, Jr., Donald R. DeLuca, with the assistance of Laurel Burch-Minakan, Carol Zimerman, Gary Machlis.
250 _a1st ed.
260 _aAlbuquerque :
_bUniversity of New Mexico Press,
_cc1984.
300 _axvi, 216 p. :
_bill. ;
_c25 cm
500 _aIncludes index.
504 _aBibliography: p. 195-209.
650 0 _aEnergy policy
_zUnited States.
_913519
650 0 _aNatural resources
_xGovernment policy
_zUnited States.
_913520
650 0 _aEnvironmental policy
_zUnited States.
_913521
650 0 _aPolicy sciences.
_913522
651 0 _aUnited States
_xSocial policy
_y1980-1993.
_913523
700 1 _aDeLuca, Donald R.
_913524
906 _a7
_bcbc
_corignew
_d1
_eocip
_f19
_gy-gencatlg
942 _2ddc
_cBOOKS
_n0
999 _c12658
_d12658